[Event "Elit(Limhamn-Orgryte)"]
[Site "?"]
[Date "2015.01.17"]
[Round "4"]
[White "Hector, Jonny"]
[Black "Ziegler, Ari"]
[Result "1/2-1/2"]
[WhiteElo "2472"]
[BlackElo "2327"]
[PlyCount "124"]

1. e4 c5 2. Nf3 e6 3. d4 cxd4 4. Nxd4 a6 5. Nc3 Qc7 6. Qg4 Nf6 7. Qg3 Qxg3 8.
hxg3 d6 9. f3 Nc6 10. Be3 Be7 11. O-O-O Nxd4 12. Bxd4 e5 13. Bb6 Be6 14. Bc7
Kd7 15. Ba5 Kc6 16. Bb4 Rae8 17. g4 h6 18. b3 g5 19. Bc4 b5 20. Bd5+ Bxd5 21.
Nxd5 Nxd5 22. Rxd5 Reg8 23. Kb2 h5 24. gxh5 g4 25. Rd3 Rh6 26. Ba5 Rg5 27. Rf1
Rhxh5 28. fxg4 Rh7 29. Bb4 Rg6 30. a4 bxa4 31. bxa4 Kc7 32. Rdf3 Rxg4 33. Rxf7
Rxf7 34. Rxf7 Kd7 35. Rh7 Rxe4 36. Kb3 Rh4 37. Rg7 Rh8 38. g4 Ke6 39. g5 Rb8
40. a5 Rc8 41. Bd2 Rb8+ 42. Ka2 Rc8 43. Kb1 e4 44. Kc1 Rc5 45. Kd1 Rd5 46. Ke2
Rc5 47. Kd1 Rd5 48. Ke1 Bd8 49. c4 Rd4 50. Rg8 e3 51. Bxe3 Bxa5+ 52. Ke2 Rxc4
53. Rf8 Bc3 54. Kd3 Rc7 55. Ra8 Be5 56. Rxa6 Kf5 57. Ra5 Rc3+ 58. Ke2 Ke4 59.
Ra4+ Kf5 60. Ra5 Ke4 61. Ra4+ Kf5 62. Ra5 Ke4 1/2-1/2

[Event "Elit(Limhamn-Orgryte)"]
[Site "?"]
[Date "2015.01.17"]
[Round "4"]
[White "Virolainen, Victor"]
[Black "Brynell, Stellan"]
[Result "1-0"]
[WhiteElo "2155"]
[BlackElo "2454"]
[PlyCount "79"]
[EventDate "2015.??.??"]

1. e4 e6 2. d4 d5 3. Nc3 Nf6 4. e5 Nfd7 5. f4 c5 6. Nf3 Nc6 7. Be3 cxd4 8. Nxd4
Bc5 9. Qd2 O-O 10. O-O-O a6 11. Kb1 Nxd4 12. Bxd4 b5 13. g4 Qc7 14. Qe3 Bb7 15.
Bd3 Bxd4 16. Qxd4 Rac8 17. Rhe1 Qc5 18. Ne2 f6 19. exf6 gxf6 20. Bxh7+ Kxh7 21.
Qd3+ Kg7 22. Nd4 Rfe8 23. Nxe6+ Rxe6 24. Rxe6 Nf8 25. Ree1 Ng6 26. g5 Qc4 27.
Qf5 Rf8 28. Qd7+ Rf7 29. gxf6+ Kxf6 30. Qe6+ Kg7 31. f5 Rf6 32. Qd7+ Rf7 33.
Qe6 Rf6 34. Qd7+ Rf7 35. f6+ Kxf6 36. Re6+ Kg7 37. Rxg6+ Kxg6 38. Rg1+ Kf6 39.
Qd6+ Kf5 40. Qg6+ 1-0

[Event "Elit(Limhamn-Orgryte)"]
[Site "?"]
[Date "2015.01.17"]
[Round "4"]
[White "Johansson, Linus"]
[Black "Kumar, Rahul"]
[Result "1/2-1/2"]
[WhiteElo "2396"]
[BlackElo "2177"]
[PlyCount "135"]

1. e4 c5 2. Nf3 Nc6 3. d4 cxd4 4. Nxd4 g6 5. c4 Bg7 6. Be3 Nf6 7. Nc3 d6 8. Be2
O-O 9. O-O Bd7 10. Rc1 Nxd4 11. Bxd4 Bc6 12. Qd3 Re8 13. b4 b6 14. Rfd1 a5 15.
b5 Bb7 16. Na4 Nd7 17. Bxg7 Kxg7 18. e5 Nxe5 19. Qd4 Kg8 20. Nxb6 Rb8 21. f4
Nd7 22. Nxd7 Qxd7 23. c5 Qe6 24. Bc4 dxc5 25. Qxc5 Qe4 26. Qf2 Rbc8 27. Bf1
Rxc1 28. Rxc1 Rd8 29. h3 Rd7 30. Rc4 Qd5 31. Rc1 Qe4 32. Rc4 Qd5 33. Qe3 Qd1
34. Qc1 Qd6 35. Qc2 Qb6+ 36. Qf2 Qd6 37. f5 Qd1 38. fxg6 hxg6 39. Qf4 Rd6 40.
Rc1 Qd5 41. Rc2 Rf6 42. Qd2 Qe4 43. Rc1 Qe6 44. Re1 Qf5 45. Qd4 Qg5 46. Re2 Rd6
47. Qe5 Qxe5 48. Rxe5 e6 49. Re3 Rd4 50. Rc3 Rb4 51. a3 Rb2 52. Rc7 Bd5 53. Ra7
Rb1 54. Kf2 Rb2+ 55. Ke3 Rb3+ 56. Kd4 Rxa3 57. g4 Ra1 58. Bd3 Ra3 59. g5 Bg2
60. Bc2 Rxh3 61. Rxa5 Rh4+ 62. Kc3 Rh3+ 63. Kd4 Rh4+ 64. Kc3 Rh3+ 65. Kd4 Rh4+
66. Kc3 Rh3+ 67. Kd4 Rh4+ 68. Kc3 1/2-1/2

[Event "Elit(Limhamn-Orgryte)"]
[Site "?"]
[Date "2015.01.17"]
[Round "4"]
[White "Fransson, Patrick"]
[Black "Schneider, Stefan"]
[Result "0-1"]
[WhiteElo "2130"]
[BlackElo "2387"]
[PlyCount "86"]

1. d4 e6 2. c4 Bb4+ 3. Bd2 a5 4. Nf3 d6 5. a3 Bxd2+ 6. Nbxd2 Nf6 7. e3 Qe7 8.
Qc2 e5 9. Be2 O-O 10. O-O Bg4 11. d5 a4 12. Rfe1 Nbd7 13. Ng5 Bxe2 14. Rxe2 h6
15. Ngf3 e4 16. Nd4 Nc5 17. Nf1 Rfe8 18. Ng3 Ra6 19. Rd1 Qd7 20. Nb5 Raa8 21.
Qc3 h5 22. h3 h4 23. Nf1 Re5 24. Nd4 Nh7 25. f4 exf3 26. Nxf3 Rh5 27. Rd4 Qe7
28. Qe1 Ne4 29. N1d2 f5 30. Nxe4 fxe4 31. Nd2 Nf6 32. Rf2 c5 33. dxc6 bxc6 34.
Rxf6 Qxf6 35. Nxe4 Qe6 36. Nxd6 Rf8 37. Qe2 Re5 38. Rd3 Rg5 39. e4 Qe5 40. Rd1
Qc5+ 41. Kh1 Rf2 42. Nb7 Rxe2 43. Nxc5 Rxc5 0-1

[Event "Elit(Limhamn-Orgryte)"]
[Site "?"]
[Date "2015.01.17"]
[Round "4"]
[White "Ahlander, Bjorn"]
[Black "Eksmyr, Johan"]
[Result "1/2-1/2"]
[WhiteElo "2406"]
[BlackElo "2149"]
[PlyCount "58"]

1. e4 c6 2. d4 d5 3. e5 Bf5 4. Nf3 e6 5. Be2 Ne7 6. O-O Bg6 7. c4 dxc4 8. Bxc4
Nd7 9. Nc3 Nb6 10. Bb3 Ned5 11. Qe2 Be7 12. Ne4 h6 13. Rd1 Qc7 14. Bd2 a5 15.
a3 O-O 16. Rac1 Rfd8 17. h3 Nd7 18. Bc4 Qb6 19. Bd3 Nf8 20. Rc2 Rd7 21. g3 Qd8
22. Kg2 Nc7 23. Be3 Nd5 24. Bc1 Rc7 25. Nfd2 Nd7 26. Nc4 N7b6 27. Ncd2 Nd7 28.
Nf3 Bh7 29. Nfd2 Bg6 1/2-1/2

[Event "Elit(Limhamn-Orgryte)"]
[Site "?"]
[Date "2015.01.17"]
[Round "4"]
[White "Gromark, Per-Olof"]
[Black "Lindgren, Philip"]
[Result "0-1"]
[WhiteElo "2056"]
[BlackElo "2341"]
[PlyCount "54"]

1. Nf3 d5 2. c4 c6 3. e3 Nf6 4. Nc3 e6 5. b3 Bd6 6. Bb2 e5 7. cxd5 cxd5 8. Nb5
Nc6 9. Nxd6+ Qxd6 10. Bb5 e4 11. Nd4 O-O 12. Nxc6 bxc6 13. Be2 a5 14. O-O Ba6
15. Bxa6 Rxa6 16. d3 Re8 17. Bxf6 Qxf6 18. d4 Re6 19. Qg4 Qd8 20. Rfc1 Rg6 21.
Qf4 Ra8 22. Rc5 Rf6 23. Qg4 Rg6 24. Qf4 h6 25. Rac1 Qd7 26. h3 Qxh3 27. g3 Rg5
0-1

[Event "Elit(Limhamn-Orgryte)"]
[Site "?"]
[Date "2015.01.17"]
[Round "4"]
[White "Penalver, Osmani"]
[Black "Fransson, Percy"]
[Result "1-0"]
[WhiteElo "2272"]
[BlackElo "2120"]
[PlyCount "147"]

1. d4 e6 2. c4 f5 3. Nf3 Nf6 4. g3 d5 5. Bg2 c6 6. O-O Bd6 7. b3 Qe7 8. Bf4
Bxf4 9. gxf4 Nbd7 10. Ne5 Ne4 11. f3 Nd6 12. Nd2 Nf6 13. Qe1 Nh5 14. Nd3 Qf6
15. Qf2 Qh6 16. Qh4 O-O 17. e3 Nf7 18. Rae1 b6 19. Rf2 Bd7 20. Kh1 Rad8 21. Rg1
Nf6 22. Qg3 Nh5 23. Qh3 Nf6 24. Ne5 Be8 25. Qxh6 Nxh6 26. Bh3 Kh8 27. Rfg2 g6
28. Rc1 c5 29. dxc5 bxc5 30. cxd5 Nxd5 31. Ndc4 Ng8 32. Rd2 Ngf6 33. Bg2 Rb8
34. Nd3 Bb5 35. e4 fxe4 36. fxe4 Bxc4 37. bxc4 Ne3 38. Nxc5 Nxg2 39. Rxg2 Rfc8
40. Nxe6 Nxe4 41. Re2 Nc5 42. Nxc5 Rxc5 43. Kg2 Rd8 44. Re5 Rc7 45. Kf3 Rd2 46.
Re2 Rd4 47. c5 Kg7 48. Rcc2 Kf6 49. Re5 Rd3+ 50. Ke2 Rd4 51. Ke3 Rd1 52. c6 Rd6
53. Rec5 Re6+ 54. Kf3 Rd6 55. a4 Ke6 56. h4 Rd1 57. h5 Rd6 58. Kg4 Kf6 59. R2c4
Re6 60. Kf3 Rd6 61. hxg6 hxg6 62. Ra5 Ke6 63. Rxa7 Rxa7 64. c7 Rxc7 65. Rxc7
Ra6 66. Rc4 Kf5 67. Rc5+ Kf6 68. a5 Ra8 69. Ke4 Re8+ 70. Re5 Rd8 71. a6 Ra8 72.
Ra5 Ra7 73. Kd4 Ke6 74. Kc5 1-0

[Event "Elit(Team Viking-Farsta)"]
[Site "?"]
[Date "2015.01.18"]
[Round "5"]
[White "Urkedal, Frode"]
[Black "Berg, Emanuel"]
[Result "1/2-1/2"]
[WhiteElo "2517"]
[BlackElo "2551"]
[PlyCount "106"]

1. d4 Nf6 2. c4 g6 3. Nc3 Bg7 4. e4 d6 5. Nf3 O-O 6. Be2 e5 7. O-O Nc6 8. d5
Ne7 9. Ne1 Ne8 10. Be3 f5 11. f3 f4 12. Bf2 h5 13. c5 g5 14. a4 Ng6 15. a5 Nf6
16. cxd6 cxd6 17. Nb5 g4 18. Nxa7 g3 19. Bb6 Qe7 20. Nxc8 Rfxc8 21. Qb3 Nd7 22.
h3 Bf6 23. Nd3 Nxb6 24. Qxb6 Rc2 25. Rfe1 Qd7 26. Qb3 Rac8 27. Nb4 Rxe2 28.
Rxe2 Qb5 29. Rc2 Rxc2 30. Qxc2 Qxb4 31. Kh1 Kg7 32. Qc3 Qb5 33. Qc7+ Kh6 34.
Qxd6 Qxb2 35. Rg1 Be7 36. Qb6 Qxb6 37. axb6 Bc5 38. Rc1 Bxb6 39. Rb1 Bc5 40.
Rxb7 Kg5 41. Rc7 Bd4 42. Rc6 Nf8 43. h4+ Kxh4 44. d6 Kg5 45. Rc8 Nd7 46. Rc7
Nc5 47. d7 Nxd7 48. Rxd7 Kg6 49. Rd6+ Kg7 50. Re6 Kh7 51. Rf6 Kg7 52. Rf5 Kg6
53. Rg5+ Kxg5 1/2-1/2

[Event "Elit(Team Viking-Farsta)"]
[Site "?"]
[Date "2015.01.18"]
[Round "5"]
[White "Cramling, Pia"]
[Black "Sammalvuo, Tapani"]
[Result "1/2-1/2"]
[WhiteElo "2518"]
[BlackElo "2455"]
[PlyCount "61"]

1. Nf3 Nf6 2. c4 e6 3. Nc3 Bb4 4. Qc2 O-O 5. a3 Bxc3 6. Qxc3 b6 7. g3 Bb7 8.
Bg2 d5 9. b4 d4 10. Qb2 e5 11. O-O Nbd7 12. d3 Qc8 13. e4 dxe3 14. Bxe3 e4 15.
dxe4 Bxe4 16. Bd4 c5 17. bxc5 bxc5 18. Bxf6 Nxf6 19. Qc3 Qb7 20. Nh4 Bxg2 21.
Nxg2 Rfe8 22. Rab1 Qc6 23. Rfe1 Rxe1+ 24. Rxe1 Re8 25. Rxe8+ Qxe8 26. Qa5 Qb8
27. Ne3 Qb1+ 28. Kg2 Qe4+ 29. Kg1 Qb1+ 30. Kg2 Qe4+ 31. Kg1 1/2-1/2

[Event "Elit(Team Viking-Farsta)"]
[Site "?"]
[Date "2015.01.18"]
[Round "5"]
[White "Livner, Anders"]
[Black "Agrest, Evgenij"]
[Result "0-1"]
[WhiteElo "2343"]
[BlackElo "2590"]
[PlyCount "140"]

1. d4 d5 2. c4 c6 3. Nf3 Nf6 4. e3 a6 5. Nc3 e6 6. c5 Nbd7 7. Qc2 g6 8. e4 dxe4
9. Nxe4 Nxe4 10. Qxe4 Nf6 11. Qh4 h6 12. Bd3 Bg7 13. O-O g5 14. Qg3 Nh5 15. Qg4
Nf6 16. Qg3 g4 17. Ne5 Qxd4 18. Nc4 Nd5 19. Re1 Qxc5 20. Qxg4 Kf8 21. Qh5 Qe7
22. Bd2 Bd7 23. Ne5 Be8 24. Qf3 Kg8 25. Rac1 Qc7 26. Ng4 Rd8 27. Rc2 Qd6 28.
Bc4 h5 29. Ne3 Nb4 30. Rcc1 b5 31. Bf1 Nd5 32. Ba5 Rc8 33. Red1 Bd7 34. Rc2 Qe7
35. Nxd5 exd5 36. Bc3 Rh6 37. Re1 Be6 38. Bd3 Bxc3 39. Rxc3 Qg5 40. h3 c5 41.
Rc2 Rf6 42. Qe3 Qxe3 43. Rxe3 h4 44. Re5 Rf4 45. Be2 Kg7 46. Bf3 Kf6 47. Rh5
Rd4 48. Kf1 a5 49. Ke1 b4 50. Rd2 Rxd2 51. Kxd2 d4 52. b3 a4 53. Bd5 axb3 54.
axb3 Rg8 55. Bxe6 fxe6 56. Rxc5 Rxg2 57. Ke2 Rh2 58. Rc4 Ke5 59. Rxb4 Rxh3 60.
Rb5+ Ke4 61. Rh5 d3+ 62. Kd2 Kd4 63. Rh6 e5 64. b4 e4 65. Rd6+ Ke5 66. Rh6 Rh1
67. b5 Rf1 68. Rxh4 Rxf2+ 69. Kc3 Rc2+ 70. Kb3 Rc1 0-1

[Event "Elit(Team Viking-Farsta)"]
[Site "?"]
[Date "2015.01.18"]
[Round "5"]
[White "Nithander, Victor"]
[Black "Ernst, Thomas"]
[Result "1/2-1/2"]
[WhiteElo "2426"]
[BlackElo "2367"]
[PlyCount "113"]

1. e4 e5 2. Nf3 Nc6 3. Bb5 a6 4. Ba4 Nf6 5. O-O Be7 6. Re1 b5 7. Bb3 d6 8. c3
O-O 9. h3 Na5 10. Bc2 c5 11. d4 Nd7 12. Nbd2 exd4 13. cxd4 Nc6 14. d5 Nce5 15.
Nxe5 Nxe5 16. f4 Ng6 17. Qf3 Bf6 18. Nf1 Bd4+ 19. Kh2 f5 20. g3 fxe4 21. Bxe4
Ra7 22. Rb1 Re7 23. Bd2 Ne5 24. Qg2 Nc4 25. b3 Nxd2 26. Qxd2 Rfe8 27. Bf3 Bf5
28. Rbd1 b4 29. Rxe7 Qxe7 30. Qg2 Bc3 31. g4 Be4 32. Ng3 Bxf3 33. Qxf3 g6 34.
Kg2 Qe3 35. h4 Kf7 36. h5 Bd4 37. hxg6+ hxg6 38. g5 a5 39. f5 Qxf3+ 40. Kxf3
Re3+ 41. Kf4 Rc3 42. fxg6+ Kxg6 43. Nf5 Be5+ 44. Kg4 Rc2 45. Ne7+ Kf7 46. Nc6
Rg2+ 47. Kf5 Rf2+ 48. Ke4 Bh2 49. Nxa5 Rxa2 50. Nc4 Re2+ 51. Kf5 Rf2+ 52. Kg4
Kg6 53. Re1 Rf4+ 54. Kh3 Rf2 55. Kg4 Rf4+ 56. Kh3 Rf2 57. Kg4 1/2-1/2

[Event "Elit(Team Viking-Farsta)"]
[Site "?"]
[Date "2015.01.18"]
[Round "5"]
[White "Lissang, Christopher"]
[Black "Bellon Lopez, Juan"]
[Result "0-1"]
[WhiteElo "2272"]
[BlackElo "2370"]
[PlyCount "110"]

1. Nf3 c5 2. e4 e6 3. g3 d6 4. Bg2 Nd7 5. O-O Ngf6 6. Re1 Be7 7. c3 O-O 8. d4
Qc7 9. Nbd2 b6 10. e5 dxe5 11. dxe5 Ne8 12. Ne4 Bb7 13. Bf4 Bc6 14. Qc2 g6 15.
Rad1 Qb7 16. Bh6 Ng7 17. Rxd7 Bxd7 18. Nf6+ Bxf6 19. exf6 Bc6 20. fxg7 Rfd8 21.
Nh4 Bxg2 22. Nxg2 Qf3 23. Nf4 Rd6 24. Qe2 Qxe2 25. Rxe2 Re8 26. h4 f6 27. c4
Kf7 28. Nd5 Rdd8 29. Nc7 Re7 30. Bf4 h6 31. g4 g5 32. hxg5 hxg5 33. Bg3 Kxg7
34. Nxe6+ Kg8 35. Re3 Rd1+ 36. Kg2 Kf7 37. Nc7 Rxe3 38. fxe3 Rd2+ 39. Kf3 Rxb2
40. a3 Rc2 41. Nb5 a6 42. Nd6+ Ke6 43. a4 Kd7 44. Ke4 Rg2 45. Nf5 Ra2 46. Nd6
Rxa4 47. Kf5 Ra3 48. Ne4 Rxe3 49. Nxf6+ Kc6 50. Be5 b5 51. cxb5+ axb5 52. Nh7
b4 53. Nxg5 Kd5 54. Bf6 b3 55. Kf4 Re2 0-1

[Event "Elit(Team Viking-Farsta)"]
[Site "?"]
[Date "2015.01.18"]
[Round "5"]
[White "Westerberg, Jonathan"]
[Black "Jaderberg, Bjorn"]
[Result "1-0"]
[WhiteElo "2423"]
[BlackElo "2133"]
[PlyCount "87"]

1. e4 e6 2. d4 d5 3. Nc3 dxe4 4. Nxe4 Nd7 5. Nf3 Ngf6 6. Nxf6+ Nxf6 7. Bd3 c5
8. O-O cxd4 9. Nxd4 Bd7 10. Qe2 Bc5 11. Nf3 Qc7 12. Ne5 Bc6 13. Nxc6 bxc6 14.
Bg5 h6 15. Bxf6 gxf6 16. Rfe1 Kf8 17. Qf3 Bd4 18. c3 Be5 19. Kh1 h5 20. Re2 Rd8
21. Rae1 h4 22. Bc4 Rh6 23. Bxe6 Bxh2 24. Bxf7 h3 25. Bh5 hxg2+ 26. Kxg2 Qf4
27. Re8+ Rxe8 28. Rxe8+ Kg7 29. Re7+ Kf8 30. Re8+ Kg7 31. Qxf4 Bxf4 32. Bf3 c5
33. Re7+ Kg6 34. Rxa7 Rh2+ 35. Kf1 Kf5 36. Ra5 Bd6 37. Ra6 Ke5 38. Ke2 f5 39.
a4 Rh8 40. Ra8 Rxa8 41. Bxa8 c4 42. f4+ Ke6 43. Kf3 Be7 44. Bb7 1-0

[Event "Elit(Team Viking-Farsta)"]
[Site "?"]
[Date "2015.01.18"]
[Round "5"]
[White "Lundin, Jan"]
[Black "Sagit, Rauan"]
[Result "1-0"]
[WhiteElo "2271"]
[BlackElo "2357"]
[PlyCount "181"]

1. d4 f5 2. Nf3 Nf6 3. g3 g6 4. Bg2 Bg7 5. O-O O-O 6. c3 Kh8 7. Nbd2 a5 8. Qc2
d5 9. Ne5 Nbd7 10. Nd3 Qe8 11. Nf3 c6 12. Bf4 h6 13. h4 Ng4 14. c4 dxc4 15.
Qxc4 Nb6 16. Qb3 Nd5 17. Bd2 a4 18. Qc2 Nc7 19. Nf4 Ne6 20. Qc4 Qf7 21. Qb4
Nxd4 22. Nxd4 e5 23. e3 exf4 24. exf4 Qc7 25. Rac1 Rd8 26. Nf3 Be6 27. a3 Bd5
28. Bc3 Bxc3 29. Rxc3 Re8 30. Rd1 Qg7 31. Rd2 Re4 32. Qb6 Rae8 33. Rc1 R4e7 34.
Qb4 Re4 35. Qb6 Kg8 36. Ne5 Nxe5 37. Bxe4 fxe4 38. fxe5 Qxe5 39. Qd4 Qf5 40.
Qe3 Kh7 41. Rc5 g5 42. hxg5 hxg5 43. f4 Kg6 44. Rf2 Rh8 45. fxg5 Qxg5 46. Qxg5+
Kxg5 47. Rc3 e3 48. Rh2 Re8 49. Re2 Re4 50. Rexe3 Rd4 51. Rcd3 Rc4 52. Rc3 Rd4
53. Rcd3 Rc4 54. Rd2 Rc1+ 55. Kf2 Rh1 56. Rc3 Rh7 57. Re2 Kf5 58. Ke1 Rh1+ 59.
Kd2 Rb1 60. Kc2 Rg1 61. Rce3 Bb3+ 62. Kc3 Rc1+ 63. Kb4 Rc4+ 64. Ka5 Rc5+ 65.
Kb6 Rb5+ 66. Kc7 Bd5 67. Rf2+ Kg5 68. Rd3 Kg4 69. Rf4+ Kh3 70. Rb4 Rc5 71. Kxb7
Rc2 72. Kc7 Bb3 73. Rbxb3 axb3 74. Rxb3 c5 75. a4 c4 76. Rb4 c3 77. bxc3 Rxc3+
78. Kb7 Rxg3 79. a5 Rg7+ 80. Kb6 Rg6+ 81. Kb5 Rg5+ 82. Ka4 Rg6 83. Rc4 Kg3 84.
Kb5 Rg5+ 85. Rc5 Rg7 86. a6 Kf4 87. Kb6 Rg6+ 88. Rc6 Rg1 89. a7 Rb1+ 90. Kc7
Ra1 91. Kb7 1-0

[Event "Elit(Team Viking-Farsta)"]
[Site "?"]
[Date "2015.01.18"]
[Round "5"]
[White "Pettersson, Anders"]
[Black "Ong, Kezli"]
[Result "1-0"]
[WhiteElo "2280"]
[BlackElo "2258"]
[PlyCount "163"]

1. d4 Nf6 2. c4 e6 3. Nf3 Bb4+ 4. Bd2 Qe7 5. g3 Nc6 6. Nc3 Bxc3 7. Bxc3 Ne4 8.
Rc1 d6 9. d5 Nxc3 10. Rxc3 Nb8 11. dxe6 fxe6 12. Bg2 O-O 13. Nd4 c6 14. O-O Nd7
15. Nc2 Nf6 16. Ne3 e5 17. Rd3 Rd8 18. Qd2 Be6 19. Rd1 Ne8 20. b4 Rd7 21. b5
Rc8 22. bxc6 bxc6 23. Qa5 Rb7 24. Qa4 Qc7 25. Rb3 Rb6 26. Ra3 Rb7 27. Rad3 Qb6
28. Rb3 Qc7 29. Rxb7 Qxb7 30. Qc2 Qc7 31. Be4 Nf6 32. Bf5 Qd7 33. Qd3 Rd8 34.
Bxe6+ Qxe6 35. Qa3 Qd7 36. Rb1 Ne4 37. Qd3 Nc5 38. Qf5 Qe7 39. Qg4 Rf8 40. f3
Qf6 41. Rf1 g6 42. f4 h5 43. Qf3 e4 44. Qf2 Rb8 45. g4 Rb2 46. gxh5 gxh5 47.
Kh1 Kf7 48. Qg2 Rxa2 49. Qh3 Ra1 50. Qxh5+ Ke7 51. Rxa1 Qxa1+ 52. Kg2 Qg7+ 53.
Kf2 Kd7 54. f5 a5 55. Ng4 Qd4+ 56. Kg3 Kc7 57. f6 Qc3+ 58. Kh4 Nd7 59. f7 a4
60. Qf5 a3 61. Qxd7+ Kxd7 62. f8=Q a2 63. Nf6+ Ke6 64. Qc8+ Ke5 65. Qh8 a1=Q
66. Nd5+ Kf5 67. Nxc3 Qe1+ 68. Kh5 Qg1 69. Qh7+ Kf6 70. Nxe4+ Ke5 71. Qe7+ Kd4
72. h4 Kxc4 73. Qxd6 Kb5 74. Qe5+ Kb4 75. Qb2+ Kc4 76. Qc2+ Kd5 77. Qd3+ Ke5
78. Qg3+ Qxg3 79. Nxg3 c5 80. Kg4 c4 81. Kf3 Kd4 82. Ne4 1-0

[Event "Elit(Orgryte-Eksjo)"]
[Site "?"]
[Date "2015.01.31"]
[Round "5"]
[White "Mikkelsen, Nikolaj"]
[Black "Kumar, Rahul"]
[Result "*"]
[WhiteElo "2442"]
[BlackElo "2177"]
[PlyCount "106"]
[EventDate "2015.??.??"]
[SourceDate "2015.02.05"]

1. e4 g6 2. d4 Bg7 3. Nf3 d6 4. Be2 Nf6 5. Nc3 O-O 6. O-O Nc6 7. h3 e5 8. dxe5
dxe5 9. Be3 Qe7 10. Nd5 Nxd5 11. exd5 Nd4 12. Re1 Nxe2+ 13. Qxe2 Rd8 14. Rad1
b6 15. c4 a5 16. Qc2 Bf5 17. Qc1 Rab8 18. a4 f6 19. b3 g5 20. Nh2 Qd7 21. Qc3
Bf8 22. Bd2 h5 23. Qf3 g4 24. hxg4 hxg4 25. Qg3 Kf7 26. f4 Bc5+ 27. Kh1 e4 28.
Be3 Bb4 29. Re2 Rh8 30. Kg1 Rh7 31. Nf1 Rbh8 32. Kf2 Bg6 33. Bd4 Rh1 34. Qe3
g3+ 35. Qxg3 Bh5 36. Ne3 Rxd1 37. Nxd1 Bxe2 38. Ne3 Bh5 39. Qh4 Be7 40. g4 f5
41. Qh2 Rh7 42. gxh5 Qd6 43. Be5 Qb4 44. Qh3 Qd2+ 45. Kf1 Qd3+ 46. Kf2 Ke8 47.
Qxf5 Bh4+ 48. Kg2 Qxe3 49. Qe6+ Re7 50. Qc8+ Kf7 51. Qf5+ Ke8 52. Qc8+ Kf7 53.
Qf5+ Ke8 *

[Event "Elit(Orgryte-Eksjo)"]
[Site "?"]
[Date "2015.01.31"]
[Round "5"]
[White "Virolainen, Victor"]
[Black "Ornstein, Axel"]
[Result "0-1"]
[WhiteElo "2155"]
[BlackElo "2330"]
[PlyCount "76"]

1. e4 e5 2. Nf3 Nc6 3. Bb5 a6 4. Ba4 Nf6 5. d3 d6 6. c3 Bd7 7. Nbd2 g6 8. Nf1
Bg7 9. h3 Qe7 10. Qe2 O-O 11. Bb3 Na5 12. Bc2 d5 13. g4 dxe4 14. dxe4 Bb5 15.
Bd3 Rfd8 16. Bxb5 axb5 17. Ng3 Nb3 18. Rb1 Nc5 19. a3 Nd3+ 20. Kf1 Nf4 21. Qc2
Rd7 22. Be3 Rad8 23. Ne1 Qe6 24. f3 Bf8 25. Rh2 Bc5 26. Qf2 Qc4+ 27. Kg1 Rd2
28. Bxc5 Rxf2 29. Bxf2 Qa2 30. Rc1 Qxb2 31. Be3 Qxa3 32. Bxf4 exf4 33. Ne2 Rd2
34. Rc2 Rd1 35. Kf2 b4 36. cxb4 Qe3+ 37. Kf1 Qxf3+ 38. Rf2 Qxh3+ 0-1

[Event "Elit(Orgryte-Eksjo)"]
[Site "?"]
[Date "2015.01.31"]
[Round "5"]
[White "Bejtovic, Jasmin"]
[Black "Frisk Kockum, Anton"]
[Result "1-0"]
[WhiteElo "2372"]
[BlackElo "2375"]
[PlyCount "169"]

1. c4 c5 2. g3 Nc6 3. Bg2 d6 4. Nc3 Bd7 5. Nf3 Qc8 6. d4 cxd4 7. Nxd4 Bh3 8.
O-O Nf6 9. Nd5 Bxg2 10. Nxf6+ gxf6 11. Kxg2 f5 12. b3 Bg7 13. Bb2 O-O 14. Qd2
Nxd4 15. Bxd4 Qe6 16. Bxg7 Kxg7 17. Rad1 h6 18. Qc3+ Kg6 19. Rd4 Rac8 20. Qf3
b6 21. e4 Rc5 22. Re1 Qf6 23. Rd5 Rxd5 24. cxd5 Rc8 25. exf5+ Kg7 26. Qg4+ Kf8
27. Re4 b5 28. a4 a6 29. axb5 axb5 30. Re2 Qg5 31. Qe4 Qf6 32. h4 h5 33. Qf3
Qd4 34. Qxh5 Qxd5+ 35. Kh2 Ke8 36. Qg5 Rc7 37. Qg8+ Kd7 38. f6 e5 39. Qg4+ Qe6
40. Qf3 d5 41. Qd3 Rc5 42. Ra2 Kc8 43. Qd2 Qc6 44. Qg5 Kb7 45. Qxe5 d4 46. Qxd4
Rc1 47. Qa7+ Kc8 48. Qa8+ Kd7 49. Ra7+ Ke6 50. Qxc6+ Rxc6 51. Rb7 Rc5 52. Rb6+
Kf5 53. Kh3 Rd5 54. Rc6 Kg6 55. Rb6 Rc5 56. b4 Rd5 57. Kg2 Re5 58. Kf3 Rf5+ 59.
Ke3 Re5+ 60. Kd4 Rf5 61. f4 Kh5 62. Ke4 Kg4 63. Rc6 Rh5 64. Rc5 Rh6 65. Rg5+
Kh3 66. Rxb5 Kxg3 67. Rg5+ Kf2 68. Ke5 Kf3 69. Rg7 Rh5+ 70. Kd6 Kxf4 71. Kc6
Rxh4 72. Rxf7 Ke5 73. b5 Rh8 74. b6 Ke6 75. Re7+ Kxf6 76. Re2 Rh1 77. b7 Rc1+
78. Kd7 Rd1+ 79. Kc8 Rc1+ 80. Kb8 Kf5 81. Re7 Rh1 82. Kc7 Rc1+ 83. Kd8 Rd1+ 84.
Kc8 Kf6 85. Rc7 1-0

[Event "Elit(Orgryte-Eksjo)"]
[Site "?"]
[Date "2015.01.31"]
[Round "5"]
[White "Ziegler, Ari"]
[Black "Vernersson, Per"]
[Result "1/2-1/2"]
[WhiteElo "2327"]
[BlackElo "2310"]
[PlyCount "189"]

1. e4 c6 2. d4 d5 3. e5 Bf5 4. Nf3 e6 5. Be2 c5 6. O-O Nc6 7. c3 cxd4 8. cxd4
Nge7 9. Nc3 Bg4 10. Be3 Nf5 11. Qd2 Be7 12. h3 Bxf3 13. Bxf3 O-O 14. Bg4 Nxe3
15. fxe3 Qd7 16. Ne2 Bg5 17. Nf4 Qe7 18. Rf3 f5 19. exf6 Rxf6 20. Raf1 Bxf4 21.
Rxf4 Raf8 22. Rxf6 Rxf6 23. Rxf6 Qxf6 24. b4 a6 25. a4 Qe7 26. b5 axb5 27. axb5
Nd8 28. Qc3 Qd6 29. Qc5 Qg3 30. Qc8 Qxe3+ 31. Kh1 Qg5 32. Bxe6+ Kh8 33. Bg4 Qf6
34. Bf3 g6 35. Qd7 Ne6 36. Qd6 Kg7 37. Bxd5 Nxd4 38. Qxf6+ Kxf6 39. b6 Ke7 40.
Bxb7 Kd6 41. Be4 Ne6 42. Kh2 Nc5 43. Bf3 Ke5 44. Kg3 h6 45. Kg4 Nd7 46. b7 Nf6+
47. Kg3 Nd7 48. Bc6 Nb8 49. Be8 Kf5 50. Bb5 g5 51. Bd3+ Kf6 52. Kg4 Nd7 53. Bb5
Nb8 54. Kh5 Kg7 55. Ba4 Na6 56. Be8 Nb8 57. Bb5 Kh7 58. g3 Kg7 59. Ba4 Kh7 60.
Be8 Kg7 61. Kg4 Kf6 62. Bb5 Kg6 63. Kf3 Kf5 64. Bd3+ Ke5 65. Kg4 Kf6 66. Kh5
Kg7 67. Bb5 Kh7 68. h4 gxh4 69. Kxh4 Kg7 70. Kh5 Kh7 71. Kg4 Kg6 72. Kf4 Kf6
73. Ke4 Ke6 74. Bc4+ Kd6 75. g4 Kc6 76. Bd5+ Kd6 77. Kd4 Nd7 78. Bf3 Kc7 79.
Ke3 Kd6 80. Be4 Ke5 81. Bf5 Nb8 82. Be4 Nd7 83. Bc6 Nb8 84. Bf3 Na6 85. Be2 Nb8
86. Kd3 Nd7 87. Kc4 Kd6 88. Kb5 Kc7 89. Bf3 Kb8 90. Ka6 Ne5 91. Be2 Nd7 92. Bf3
Ne5 93. Be2 Nd7 94. Bb5 Ne5 95. Be2 1/2-1/2

[Event "Elit(Orgryte-Eksjo)"]
[Site "?"]
[Date "2015.01.31"]
[Round "5"]
[White "Gustafsson, Fredrik"]
[Black "Eksmyr, Johan"]
[Result "0-1"]
[WhiteElo "2166"]
[BlackElo "2149"]
[PlyCount "70"]

1. e4 c6 2. d3 d5 3. Nd2 e5 4. Ngf3 Bd6 5. g3 Nf6 6. Bg2 O-O 7. O-O Re8 8. Re1
a5 9. Nf1 h6 10. h3 Nbd7 11. g4 Bb4 12. c3 Bf8 13. g5 hxg5 14. Bxg5 Qb6 15. Qe2
dxe4 16. dxe4 Nh7 17. Be3 Bc5 18. Rad1 Ndf6 19. Bxc5 Qxc5 20. b3 Nh5 21. Qe3
Qxe3 22. Nxe3 Nf4 23. Kh2 f6 24. Bf1 Be6 25. Bc4 Nf8 26. a4 Re7 27. Rd6 Bxc4
28. Nxc4 N8e6 29. Red1 Kf7 30. Nfd2 Rh8 31. f3 Rxh3+ 32. Kg1 Ne2+ 33. Kf2 N6f4
34. Nxa5 Rh2+ 35. Ke3 Nxc3 0-1

[Event "Elit(Orgryte-Eksjo)"]
[Site "?"]
[Date "2015.01.31"]
[Round "5"]
[White "Lauritzson, Peter"]
[Black "Malesevic, Nedeljko"]
[Result "0-1"]
[WhiteElo "2128"]
[BlackElo "2265"]
[PlyCount "78"]

1. Nf3 d5 2. c4 e6 3. g3 Nf6 4. Bg2 Be7 5. O-O O-O 6. d4 Nbd7 7. Nc3 c6 8. b3
Qa5 9. Qc2 b5 10. c5 b4 11. Nd1 Ne4 12. Bb2 f5 13. Ne1 e5 14. f3 Ng5 15. dxe5
Nxc5 16. f4 Nge4 17. Nd3 Ba6 18. a3 Nxd3 19. exd3 Qc5+ 20. Qxc5 Bxc5+ 21. Kh1
Bxd3 22. Re1 Rab8 23. axb4 Bxb4 24. Re3 Bc2 25. Bd4 c5 26. Bb2 d4 27. Re2 Bd3
28. Rf2 a6 29. Rf3 Be2 30. Kg1 Rfd8 31. Nf2 Bxf3 32. Bxf3 Nxf2 33. Kxf2 Bc3 34.
Bxc3 dxc3 35. Be2 Kf8 36. Bc4 Rd2+ 37. Ke3 Rbd8 38. Rxa6 c2 39. Ra7 c1=Q 0-1

[Event "Elit(Orgryte-Eksjo)"]
[Site "?"]
[Date "2015.01.31"]
[Round "5"]
[White "Al-Saadi, Ali Ghazi"]
[Black "Fransson, Patrick"]
[Result "1-0"]
[WhiteElo "2127"]
[BlackElo "2130"]
[PlyCount "155"]

1. e4 e6 2. d4 d5 3. Nd2 Nf6 4. e5 Nfd7 5. Bd3 c5 6. c3 Nc6 7. Ngf3 Be7 8. O-O
b6 9. a3 Bb7 10. Re1 Qc7 11. b4 c4 12. Bc2 O-O-O 13. Nf1 h6 14. g4 Rdg8 15. Ng3
Qd8 16. a4 g6 17. Bd2 Nf8 18. b5 Na5 19. Qc1 g5 20. Nh5 Ng6 21. h3 Kb8 22. Qd1
Bc8 23. Qe2 Rf8 24. Rab1 Rhg8 25. Bc1 Qc7 26. Kg2 Nb7 27. Ra1 Bd7 28. Kg1 Qd8
29. Qe3 Nf4 30. Nxf4 gxf4 31. Qxf4 h5 32. g5 h4 33. Kh1 Rg7 34. Rg1 Rfg8 35.
Rg4 Na5 36. Rb1 Kb7 37. Bd2 Rh8 38. Rbg1 a6 39. bxa6+ Kxa6 40. Rxh4 Nb3 41. Be3
Bxa4 42. Rxh8 Qxh8 43. Qg4 Kb7 44. h4 Nc5 45. Bxa4 Nxa4 46. Bd2 Rh7 47. Kg2 Nb2
48. Rh1 Qg7 49. h5 Rh8 50. g6 Nd3 51. Bg5 fxg6 52. Bxe7 Qxe7 53. hxg6 Rg8 54.
Rh7 Rg7 55. Rxg7 Qxg7 56. Kg3 Nc1 57. Nh4 b5 58. Qxe6 Qh6 59. Qxd5+ Ka6 60.
Qc6+ Ka5 61. Qa8+ Kb6 62. Qd8+ Kb7 63. Qe7+ Ka6 64. Qf6+ Ka5 65. g7 Ne2+ 66.
Kg4 Qh7 67. Qg6 Qg8 68. e6 Nxc3 69. Qf7 Qh7 70. g8=Q Qe4+ 71. Qf4 Qe2+ 72. Qf3
Qe1 73. Qfa8+ Kb4 74. Qgf8+ Kb3 75. Qaa3+ Kc2 76. Qf5+ Ne4 77. Nf3 Kb1 78. Nxe1
1-0